Using information technology : (Record no. 10184)
[ view plain ]
| 000 -LEADER | |
|---|---|
| fixed length control field | 02562cam a22004814a 4500 |
| 090 ## - LOCALLY ASSIGNED LC-TYPE CALL NUMBER (OCLC); LOCAL CALL NUMBER (OCLC) | |
| -- | 10184 |
| 001 - CONTROL NUMBER | |
| control field | 14204579 |
| 005 - DATE AND TIME OF LATEST TRANSACTION | |
| control field | 20070727203657.0 |
| 008 - FIXED-LENGTH DATA ELEMENTS--GENERAL INFORMATION | |
| fixed length control field | 051219s2007 mauab b 001 0 eng |
| 010 ## - LIBRARY OF CONGRESS CONTROL NUMBER | |
| LC control number | 2005058404 |
| 020 ## - INTERNATIONAL STANDARD BOOK NUMBER | |
| International Standard Book Number | 0072260718 (alk. paper) |
| 020 ## - INTERNATIONAL STANDARD BOOK NUMBER | |
| International Standard Book Number | 9780072260717 |
| 035 ## - SYSTEM CONTROL NUMBER | |
| System control number | (OCoLC)ocm62741551 |
| 040 ## - CATALOGING SOURCE | |
| Original cataloging agency | DLC |
| Transcribing agency | DLC |
| Modifying agency | BAKER |
| -- | C#P |
| -- | DLC |
| 042 ## - AUTHENTICATION CODE | |
| Authentication code | pcc |
| 050 00 - LIBRARY OF CONGRESS CALL NUMBER | |
| Classification number | QA76.5 |
| Item number | .S2193 2007 |
| 082 00 - DEWEY DECIMAL CLASSIFICATION NUMBER | |
| Classification number | 004 |
| Edition number | 22 |
| Item number | WIL |
| 100 1# - MAIN ENTRY--PERSONAL NAME | |
| Personal name | Williams, Brian K., |
| Dates associated with a name | 1938- |
| 245 10 - TITLE STATEMENT | |
| Title | Using information technology : |
| Remainder of title | a practical introduction to computers & communications / |
| Statement of responsibility, etc | Brian K. Williams, Stacey C. Sawyer. |
| 250 ## - EDITION STATEMENT | |
| Edition statement | 7th ed. |
| 260 ## - PUBLICATION, DISTRIBUTION, ETC. (IMPRINT) | |
| Place of publication, distribution, etc | Boston : |
| Name of publisher, distributor, etc | McGraw-Hill Irwin, |
| Date of publication, distribution, etc | c2007. |
| 300 ## - PHYSICAL DESCRIPTION | |
| Extent | xxiv, 554, 12 p. : |
| Other physical details | ill. (chiefly col.), col. maps ; |
| Dimensions | 28 cm. |
| 500 ## - GENERAL NOTE | |
| General note | On t.p. of previous ed. Stacey C. Sawyer's name appears first. |
| 500 ## - GENERAL NOTE | |
| General note | Distributer: Baccah. |
| 504 ## - BIBLIOGRAPHY, ETC. NOTE | |
| Bibliography, etc | Includes bibliographical references (p. 541-552) and index. |
| 650 #0 - SUBJECT ADDED ENTRY--TOPICAL TERM | |
| Topical term or geographic name as entry element | Computers. |
| 650 #0 - SUBJECT ADDED ENTRY--TOPICAL TERM | |
| Topical term or geographic name as entry element | Telecommunication systems. |
| 650 #0 - SUBJECT ADDED ENTRY--TOPICAL TERM | |
| Topical term or geographic name as entry element | Information technology. |
| 700 1# - ADDED ENTRY--PERSONAL NAME | |
| Personal name | Sawyer, Stacey C. |
| 856 42 - ELECTRONIC LOCATION AND ACCESS | |
| Materials specified | Publisher description |
| Uniform Resource Identifier | <a href="http://www.loc.gov/catdir/enhancements/fy0626/2005058404-d.html">http://www.loc.gov/catdir/enhancements/fy0626/2005058404-d.html</a> |
| 856 41 - ELECTRONIC LOCATION AND ACCESS | |
| Materials specified | Table of contents |
| Uniform Resource Identifier | <a href="http://www.loc.gov/catdir/enhancements/fy0626/2005058404-t.html">http://www.loc.gov/catdir/enhancements/fy0626/2005058404-t.html</a> |
| 856 42 - ELECTRONIC LOCATION AND ACCESS | |
| Materials specified | Contributor biographical information |
| Uniform Resource Identifier | <a href="http://www.loc.gov/catdir/enhancements/fy0737/2005058404-b.html">http://www.loc.gov/catdir/enhancements/fy0737/2005058404-b.html</a> |
| 906 ## - LOCAL DATA ELEMENT F, LDF (RLIN) | |
| a | 7 |
| b | cbc |
| c | orignew |
| d | 1 |
| e | ocip |
| f | 20 |
| g | y-gencatlg |
| 942 ## - ADDED ENTRY ELEMENTS (KOHA) | |
| Source of classification or shelving scheme | Dewey Decimal Classification |
| Item type | Book - Borrowing |
| Withdrawn status | Item status | Source of classification or shelving scheme | Damaged status | Not for loan | Home library | Current library | Shelving location | Date acquired | Source of acquisition | Total Checkouts | Total Renewals | Full call number | Barcode | Date last seen | Date last borrowed | Koha item type | Public note | Vendor |
|---|---|---|---|---|---|---|---|---|---|---|---|---|---|---|---|---|---|---|
| Dewey Decimal Classification | Central Library | Central Library | Lower Floor | 18/09/2008 | Purchase | 2 | 3 | 004 WIL | 000013876 | 15/07/2025 | 11/12/2014 | Book - Borrowing | ||||||
| Dewey Decimal Classification | Central Library | Central Library | Lower Floor | 18/09/2008 | Purchase | 3 | 14 | 004 WIL | 000013883 | 15/07/2025 | 03/11/2015 | Book - Borrowing | ||||||
| Dewey Decimal Classification | Central Library | Central Library | Lower Floor | 18/09/2008 | Purchase | 8 | 18 | 004 WIL | 000013882 | 15/07/2025 | 10/12/2014 | Book - Borrowing | homebranch was lost | |||||
| Dewey Decimal Classification | Central Library | Central Library | Lower Floor | 18/09/2008 | Purchase | 4 | 2 | 004 WIL | 000013877 | 15/07/2025 | 11/12/2014 | Book - Borrowing | ||||||
| Dewey Decimal Classification | Central Library | Central Library | Lower Floor | 18/09/2008 | Purchase | 8 | 14 | 004 WIL | 000013878 | 15/07/2025 | 10/12/2014 | Book - Borrowing | ||||||
| Dewey Decimal Classification | Central Library | Central Library | Lower Floor | 18/09/2008 | Purchase | 8 | 6 | 004 WIL | 000013879 | 15/07/2025 | 22/10/2014 | Book - Borrowing | ||||||
| Dewey Decimal Classification | Central Library | Central Library | Lower Floor | 18/09/2008 | Purchase | 004 WIL | 000013880 | 15/07/2025 | NB - Book (Non borrowing) | |||||||||
| Dewey Decimal Classification | Central Library | Central Library | Lower Floor | 08/06/2021 | Purchase | 004 WIL | 000050310 | 15/07/2025 | Book - Borrowing | Baccah |